00356 a2200109 4500001001000000005001700010008004100027245007600068100002300144700002800167773005100195ART_3382120260410161708.0260409a 10aEl aumento de las deducciones personales en el impuesto a las ganancias1 aDreiling, Paola E.1 aRolando, Félix José0 tRevista Impuestosg- Nº 9 (may. 2006)wREV639